000 00782nam a22002777a 4500
001 BR0504779
003 BR-BrBNA
005 20230928102024.0
007 ta
008 230509b bl.||||| |||| 00| 0 por d
040 _aBR-BrBNA
_bpor
_cBiblioteca Nacional de Agricultura
041 _a(Por)
072 _aD50; P10
090 _ D50 BR0504779
110 1 _aMinistério do Meio Ambiente, Brasília, DF (Brasil). Secretaria de Recursos Hídricos
_97132
245 1 _aRecursos hídricos: conjunto de normas legais
250 1 _a3. ed.
260 3 _aBrasília, DF (Brasil):
_c2004.
300 _a243 p.
500 _a11 illus.
650 _aRECURSO HÍDRICO
650 _aMEIO AMBIENTE
650 _aLEGISLAÇÃO
909 _a202309
_bLucia
_c55
_dLucia Elande
942 _cBK
999 _c68746
_d68746